Le plus gros achat de chaque club de Ligue 1 - Statistiques

Statistiques générales
  • Ce quiz a été pris 66 fois
  • Le résultat moyen est 5 sur 18
Statistiques - réponses
Saison Prix Club Joueur % Correct
2017-18 222 PSG Neymar
100%
2013-14 45 AS Monaco James Rodríguez
66%
2022-23 32 OM Vitinha
63%
2023-24 30 RC Lens Elye Wahi
56%
2020-21 27 Lille Jonathan David
45%
2024-25 13 Metz Georges Mikautadze
33%
2024-25 31.90 Lyon Moussa Niakhaté
31%
2022-23 28 Rennes Amine Gouiri
27%
2025-26 17 Paris FC Otávio
27%
2024-25 10 Nantes Matthis Abline
25%
2023-24 22.50 OGC Nice Terem Moffi
25%
2023-24 20 Strasbourg Abakar Sylla
8%
2020-212020-21 5 Brest Steve MouniéFranck Honorat
6%
2006-07 5 Auxerre Benoît Pedretti
5%
2019-20 8 Toulouse Wesley Saïd
5%
2022-23 11 Lorient Jean-Victor Makengo
3%
2020-21 7.50 Angers Paul Bernardoni
2%
2018-19 2 Le Havre Tino Kadewere
2%
Aucun quiz correspondant
Distribution des résultats
% des personnes avec chaque résultat
Percentile par nombre de réponses
Votre historique - résultats
Vous n’avez pas pris ce quiz